000
00264nam a2200109Ia 4500
008
190911s9999||||xx |||||||||||||| ||und||
100
_a
Dr. M. Maruf
245
0
_a
Contributions To Iqbal's Thought
260
_a
Lahore
_b
Royal Book
_c
1977
300
_a
152
942
_c
BK
999
_c
6918
_d
6918